[Event "IECG CP.2002.P.00039 email"]
[Site "IECG email"]
[Date "2002.10.01"]
[Round "?"]
[White "Pinasco, Damian"]
[Black "Nascimento, Matheus Diego"]
[Result "1-0"]
[WhiteElo "2035"]
[BlackElo "800"]
[PlyCount "29"]
[EventDate "2002.10.01"]
[EventType "tourn (corr)"]
[EventRounds "6"]
[EventCountry "GER"]
[SourceTitle "Corr 2008"]
[Source "ChessBase"]
[SourceDate "2008.06.24"]
[SourceVersion "1"]
[SourceVersionDate "2008.06.24"]
[SourceQuality "1"]

1. e4 e6 2. d4 d5 3. Nd2 c5 4. exd5 cxd4 5. Bb5+ Bd7 6. dxe6 Qe7 7. Bxd7+ Nxd7 8. Ne2 Qxe6 9. 0-0 Bd6 10. Nf3 Ne7 11. Re1 0-0 12. Nexd4 Qd5 13. c4 Qc5 14. Nb5 Bxh2+ 15. Nxh2 1-0